banner-ar

ترويض النمر الورقى : تنظيم الاوراق فى حياتك / (Record no. 33419)

MARC details
000 -الفاتح
حقل البيانات ثابتة الطول 00738nam a2200217Ia 4500
008 - عناصر البيانات ثابتة الطول - معلومات عامة
حقل البيانات ثابتة الطول 140319s9999 xx 000 0 ara d
040 ## - مصدر الفهرسة
وكالة الفهرسة الأصلية GCL /
وكالة النسخ GCL
082 04 - رقم تصنيف ديوى العشرى
رقم التصنيف 155.418
رقم المادة هـ ت
100 1# - المدخل الرئيسى - إسم شخصى
الإسم الشخصى همفيل بار بارا
245 10 - بيان العنوان
العنوان ترويض النمر الورقى : تنظيم الاوراق فى حياتك /
بيان المسئوليه,etc همفيل بار بارا
700 1# - المدخل الاضافى - اسم شخصى
الإسم الشخصى ابراهيم على البداح
700 1# - المدخل الاضافى - اسم شخصى
الإسم الشخصى سمير مصطفى محمود (مراجع)
260 ## - PUBLICATION, DISTRIBUTION, ETC. (IMPRINT)
تاريخ النشر أو التوزيع 1992
300 ## - الوصف المادى
التعداد 174 ص
490 ## - بيان السلسلة
عنوان السلسلة
650 04 - المدخل الاضافى بالموضوع-مصطلح موضوعى
مصطلح موضوعي السلوك
650 04 - المدخل الاضافى بالموضوع-مصطلح موضوعى
مصطلح موضوعي علم النفس الاجتماعى
650 04 - المدخل الاضافى بالموضوع-مصطلح موضوعى
مصطلح موضوعي الارشاد الاجتماعى
942 ## - عناصر المدخل الإضافي( كوها)
مصدر التصنيف او مخطط الترفيف Dewey Decimal Classification
Koha [default] item type كتاب
260 ## - PUBLICATION, DISTRIBUTION, ETC. (IMPRINT)
-- [S.N] :
-- الادارة العامة للبحوث ،
Holdings
حالة التراجع حالة الفقد حالة تلف ليس للاعارة المكان المؤقت الموقع الحالى تاريخ الاكتساب اجمالي اﻻعارات رقم الطلب الباركود تاريخ اخر مشاهدة تاريخ تفعيل السعر نوع وعاء كوها
        مكتبة القاهرة الكبرى مكتبة القاهرة الكبرى 03/26/2014   155.418\هـ ت 79460 03/26/2014 03/26/2014 كتاب
        مكتبة القاهرة الكبرى مكتبة القاهرة الكبرى 03/26/2014   155.418\هـ ت 79461 03/26/2014 03/26/2014 كتاب

Powered By

EGPV